| 000 | 00673nam a2200205 i 4500 | ||
|---|---|---|---|
| 001 | 108906 | ||
| 003 | ES-MaACL | ||
| 005 | 20230906184733.0 | ||
| 007 | t| | ||
| 008 | 061121s1969 sp r ||||1| spa d | ||
| 100 | 1 |
_aMoor, Lise. _982792 |
|
| 245 | 1 | 0 |
_aGlosario de términos psiquiátricos / _cpor Lise Moor ; prefacio León Michaux ; versión Víctor Hernández Espinosa. |
| 250 | _a[1.ª ed.]. | ||
| 260 |
_aBarcelona : _bToray-Masson, _c1969. |
||
| 300 |
_aVIII, 206 p. ; _c21 cm. |
||
| 650 | 0 | 4 |
_aPsiquiatría- _vDiccionarios. _916588 |
| 700 | 1 |
_aMichaux, León. _980883 |
|
| 700 | 1 |
_aHernández Espinosa, Víctor. _962930 |
|
| 852 |
_aES-MaACL _jC-36082 _bR.69106 |
||
| 999 |
_c108906 _d108906 |
||